• 首页
  • 本馆介绍
  • 公告通知
  • 最新文献
  • 馆藏检索
  • 电子资源
  • 读者导购
  • 参考咨询
  • 我的图书馆
  • 登录
  • 详细信息显示
  • 放入我的书架
  • 预约/预借图书
  • 作者相关作品
  • 分类相关作品
  • 丛书相关作品
  • 出版社相关作品

书目信息

  • 表格格式
  • 工作单格式
  • 卡片格式
题名:
原子吸收光谱仪
    
 
作者: 章诒学 , 何华焜 , 陈江韩 编著
分册:  
出版信息: 北京   化学工业出版社  2006
页数: 209页
开本: 25cm
丛书名: 分析仪器使用与维护丛书
单 册:
中图分类: TH744.12
科图分类:
主题词: 原子吸收分光光度计--光谱仪 , 原子吸收分光光度计
电子资源:
ISBN: 7-5025-9268-7
000 01115oam2 2200289 450
001 012007440656
005 20070522164321.96
010    @a7-5025-9268-7@b精装@dCNY38.00
100    @a20070515d2006 km y0chiy0120 ea
101 0  @achi
102    @aCN@b110000
105    @aa z 000yy
106    @ar
200 1  @a原子吸收光谱仪@Ayuan zi xi shou guang pu yi@f章诒学,何华焜,陈江韩编著@Fzhang yi xue,he hua kun,chen jiang han bian zhu
210    @a北京@c化学工业出版社@d2006
215    @a209页@c图@d25cm
225 2  @a分析仪器使用与维护丛书
330    @a全书分为九章,系统介绍了原子吸收光谱仪结构组成,并对其主要部分(光源、原子化器、光学系统等七个部分)及主要附件的工作原理、作用进行了论述;还结合了日常工作遇到的问题和积累收集到的仪器故障处理资料,介绍了常见故障分析与处置方法。
461  0 @12001 @a分析仪器使用与维护丛书
606 0  @a原子吸收分光光度计@x光谱仪
606 0  @a原子吸收分光光度计
690    @aTH744.12@v4
701  0 @a章诒学@Azhang yi xue@4编著
701  0 @a何华焜@Ahe hua kun@4编著
701  0 @a陈江韩@Achen jiang han@4编著
801  0 @aCN@bRULIN@c20070522
905    @dTH744.12@e52@s10
    
    原子吸收光谱仪/章诒学,何华焜,陈江韩编著.-北京:化学工业出版社,2006
    209页:图;25cm.-(分析仪器使用与维护丛书)
    
    
    ISBN 7-5025-9268-7(精装):CNY38.00
    全书分为九章,系统介绍了原子吸收光谱仪结构组成,并对其主要部分(光源、原子化器、光学系统等七个部分)及主要附件的工作原理、作用进行了论述;还结合了日常工作遇到的问题和积累收集到的仪器故障处理资料,介绍了常见故障分析与处置方法。
●
相关链接 在E读中查询图书 在五车中查询图书 在当当中查询图书 在豆瓣中查询图书


正题名:原子吸收光谱仪     索取号:TH744.12/52         预约/预借

序号 登录号 条形码 馆藏地/架位号 状态 备注
1 0579073   205790731   第二样本阅览室/ [索取号:TH744.12/52] 在馆    
2 0579074   205790740   密集书库/ [索取号:TH744.12/52] 在馆    
3 0579075   205790759   密集书库/ [索取号:TH744.12/52] 在馆    
4 0579076   205790768   密集书库/ [索取号:TH744.12/52] 在馆    
5 0579077   205790777   密集书库/ [索取号:TH744.12/52] 在馆    
6 0579078   205790786   第三借阅区/ [索取号:TH744.12/52] 在馆    
7 0579079   205790795   第三借阅区/ [索取号:TH744.12/52] 在馆    
8 0579080   205790802   第三借阅区/ [索取号:TH744.12/52] 在馆    
9 0579081   205790811   密集书库/ [索取号:TH744.12/52] 在馆    
10 0579082   205790820   密集书库/ [索取号:TH744.12/52] 在馆    
唐山师范学院图书馆 欢迎您!
大连网信软件有限公司© 版权所有